00389nam a2200145Ia 450000500170000000800410001702000150005808200130007310000180008624500330010425000080013726000400014530000120018550000460019720250617030623.0240331s9999 xx 000 0 und d a9559557203 bSENa305 aSenanayake, C 0aMahasenayange Karawa kathawa a2nd aGampahabBuddhist Lanka Pressc1993 a85 p ., aA book on Talk about bod of the Mahasenas